Score 0/15 Timer 03:00
1 Play Today
Hint Answer % Correct
In 1893, New Zealand was the first country to give ____ the voteWomen
88.3%
Hokey ____ ice cream - vanilla ice cream with honeycomb chunks - is a popular New Zealand flavourPokey
73.4%
The All Blacks, New Zealand's most iconic sports team, play rugby ____Union
66.4%
New Zealand-born physicist ____ Rutherford is known as the father of nuclear physicsErnest
64.8%
Aotearoa, the Māori name for New Zealand, means 'the land of the long white ____'Cloud
46.9%
The body of water separating the North and South Islands is the ____ StraitCook
44.5%
Kia ____ is a common informal Māori greeting, literally meaning 'be healthy'Ora
40.6%
Dave Dobbyn's song Slice of ____ is sometimes considered an unofficial national anthemHeaven
39.8%
Hint Answer % Correct
The 6th of February is ____ Day, acknowledging the treaty between the British Crown and Māori chiefsWaitangi
32%
New Zealand's longest running TV series is ____ Calendar, a documentary series about rural lifeCountry
27.3%
Footrot ___ is a New Zealand comic strip that has been adapted into a stage musical and movieFlats
22.7%
Goodbye ____ Pie was New Zealand's first large-scale local hitPork
20.3%
The ____ Bee is an iconic colourful toy that is now a symbol of KiwianaBuzzy
20.3%
The ____ People by Keri Hulme won the 1985 Booker Prize for FictionBone
14.8%
English-born priest Samuel ____ introduced Christianity to New ZealandMarsden
14.1%
Remove Ads.
Support Sporcle.
Get the best of Sporcle when you Go Orange. This ad-free experience offers more features, more stats, and more fun while also helping to support Sporcle. Thank you for becoming a member.

You're not logged in!

Compare scores with friends on all Sporcle quizzes.
OR
Log In

Sporcle TV

Today on Sporcle TV


Watch our educational content, quiz creation guides, and fun videos on Sporcle TV.

Show Comments

Extras

Top Quizzes Today


Score Distribution

Paid Content

Your Account Isn't Verified!

In order to create a playlist on Sporcle, you need to verify the email address you used during registration. Go to your Sporcle Settings to finish the process.

Report this User

Report this user for behavior that violates our Community Guidelines.

Details: